[Event "Titled Tuesday intern op 16th Jan Early"]
[Site "Chess.com INT"]
[Date "2024.01.16"]
[Round "3"]
[White "Monpeurt, Cyrielle"]
[Black "Richter, Paul"]
[Result "1/2-1/2"]
[WhiteElo "2187"]
[BlackElo "2171"]
[PlyCount "79"]
[EventDate "2024.01.16"]
[EventType "swiss (blitz)"]
[EventRounds "11"]
[EventCountry "USA"]
[SourceTitle "CB04_2024"]
[SourceDate "2023.10.16"]
[SourceVersion "1"]
[SourceVersionDate "2023.10.16"]
[SourceQuality "1"]

1. Nf3 Nf6 2. b3 g6 3. Bb2 Bg7 4. e3 0-0 5. d4 d6 6. c4 Nbd7 7. Be2 Re8 8. 0-0 h5 9. h4 c6 10. Nc3 e5 11. dxe5 dxe5 12. Qc2 Nc5 13. Rad1 Qc7 14. b4 Bf5 15. Qc1 Nce4 16. Nxe4 Nxe4 17. Bd3 Rad8 18. Bxe4 Bxe4 19. Ng5 Bf5 20. e4 Bg4 21. f3 Bc8 22. c5 Be6 23. Rxd8 Qxd8 24. Rd1 Qe7 25. Nxe6 Qxe6 26. a4 Bf6 27. Rd6 Qe7 28. Qh6 Bxh4 29. f4 Bf6 30. f5 Bg5 31. Rxg6+ fxg6 32. Qxg6+ Kf8 33. Bxe5 Qxe5 34. Qxg5 Qxe4 35. Qf6+ Kg8 36. Qg6+ Kh8 37. Qh6+ Kg8 38. Qg6+ Kh8 39. Qh6+ Kg8 40. Qg6+ 1/2-1/2

[Event "Titled Tuesday intern op 16th Jan Late"]
[Site "Chess.com INT"]
[Date "2024.01.16"]
[Round "2"]
[White "Richter, Paul"]
[Black "Alekseenko, Kirill"]
[Result "0-1"]
[WhiteElo "2171"]
[BlackElo "2650"]
[PlyCount "80"]
[EventDate "2024.01.16"]
[EventType "swiss (blitz)"]
[EventRounds "11"]
[EventCountry "USA"]
[SourceTitle "CB04_2024"]
[SourceDate "2023.10.16"]
[SourceVersion "1"]
[SourceVersionDate "2023.10.16"]
[SourceQuality "1"]

1. e4 c5 2. Nf3 Nc6 3. d4 cxd4 4. Nxd4 Qb6 5. Nb3 e6 6. Be3 Qc7 7. Bd3 Nf6 8. 0-0 Be7 9. f4 e5 10. Nc3 exf4 11. Bxf4 Ne5 12. Kh1 d6 13. Bb5+ Bd7 14. Bxd7+ Qxd7 15. Nd5 Rc8 16. Nd4 Nxd5 17. exd5 Bf6 18. Bg3 0-0 19. Qh5 Qg4 20. Qxg4 Nxg4 21. Nb5 Rxc2 22. Nxd6 Rxb2 23. Rab1 Rxa2 24. Rxb7 Ne3 25. Re1 Nxd5 26. Nb5 a6 27. Bd6 Rd8 28. Nc7 h5 29. Nxd5 Rxd6 30. Rb8+ Kh7 31. Nf4 g6 32. Rb7 Kg7 33. g3 Ra1 34. Rxa1 Bxa1 35. Kg2 Be5 36. Ne2 Re6 37. Ra7 h4 38. gxh4 Bb8 39. Ra8 Rxe2+ 40. Kf3 Rb2 0-1

[Event "Titled Tuesday intern op 16th Jan Late"]
[Site "Chess.com INT"]
[Date "2024.01.16"]
[Round "1"]
[White "Richter, Paul"]
[Black "Juergens, Vera"]
[Result "1-0"]
[WhiteElo "2171"]
[BlackElo "2270"]
[PlyCount "121"]
[EventDate "2024.01.16"]
[EventType "swiss (blitz)"]
[EventRounds "11"]
[EventCountry "USA"]
[SourceTitle "CB04_2024"]
[SourceDate "2023.10.16"]
[SourceVersion "1"]
[SourceVersionDate "2023.10.16"]
[SourceQuality "1"]

1. e4 e5 2. Nf3 d6 3. d4 Nd7 4. Nc3 c6 5. Bc4 Be7 6. 0-0 Ngf6 7. Re1 0-0 8. a4 Qc7 9. Ba2 b6 10. Nh4 g6 11. Nf3 Nh5 12. h3 Bf6 13. Be3 Bg7 14. Qd2 exd4 15. Nxd4 Nc5 16. Rad1 Bb7 17. Bh6 Rad8 18. Bxg7 Nxg7 19. Qf4 Nce6 20. Qg4 Nxd4 21. Rxd4 Qe7 22. Red1 Ne6 23. R4d2 Kg7 24. Qg3 Nc5 25. Rxd6 Rxd6 26. Qxd6 Re8 27. Qxe7 Rxe7 28. f3 a5 29. Kf2 Na6 30. Rd6 Nb4 31. Bb3 Bc8 32. Na2 Be6 33. Nxb4 axb4 34. Rxc6 Bxb3 35. cxb3 Rd7 36. Ke2 Rb7 37. Kd3 Rd7+ 38. Kc2 Rb7 39. Rc4 Kf6 40. Rxb4 Ke5 41. Rb5+ Kf4 42. Kb1 Kg3 43. a5 Kxg2 44. a6 Ra7 45. Rxb6 Kxh3 46. b4 Kg3 47. b5 h5 48. Rb7 Ra8 49. Rxf7 h4 50. Rg7 h3 51. Rxg6+ Kxf3 52. Rh6 Kxe4 53. Rxh3 Kd5 54. Rc3 Kd6 55. Ka2 Kd5 56. Ka3 Kd6 57. Ka4 Kd5 58. Ka5 Kd6 59. b6 Kd5 60. b7 Kd6 61. bxa8Q 1-0

[Event "Titled Tuesday intern op 09th Jan Early"]
[Site "Chess.com INT"]
[Date "2024.01.09"]
[Round "1"]
[White "Richter, Paul"]
[Black "Nikulina, Alena"]
[Result "1-0"]
[WhiteElo "2171"]
[BlackElo "1844"]
[PlyCount "77"]
[EventDate "2024.01.09"]
[EventType "swiss (blitz)"]
[EventRounds "11"]
[EventCountry "USA"]
[SourceTitle "CB03_2024"]
[SourceDate "2024.01.17"]
[SourceVersion "1"]
[SourceVersionDate "2024.01.17"]
[SourceQuality "1"]

1. e4 c5 2. Nf3 e6 3. d3 g6 4. Nbd2 Bg7 5. g3 Nc6 6. Bg2 Nge7 7. 0-0 0-0 8. a4 d5 9. exd5 exd5 10. Re1 Bg4 11. h3 Be6 12. c3 d4 13. c4 Qd7 14. Kh2 h5 15. Ne4 b6 16. Neg5 Bf5 17. Nh4 Rac8 18. Nxf5 Qxf5 19. Ne4 Rcd8 20. Bd2 Ne5 21. Qe2 Rfe8 22. a5 N7c6 23. axb6 axb6 24. Ra6 Nd7 25. Qf1 Ra8 26. Nd6 Rxe1 27. Rxa8+ Kh7 28. Qxe1 Qxd3 29. Bxc6 Ne5 30. Bg2 h4 31. Bf4 Nxc4 32. Nxc4 Qxc4 33. Qe8 hxg3+ 34. fxg3 f6 35. Ra7 Qg8 36. Qxg8+ Kxg8 37. Rb7 c4 38. Bd5+ Kh7 39. Bxc4 1-0

[Event "Titled Tuesday intern op 26th Sep Early"]
[Site "Chess.com INT"]
[Date "2023.09.26"]
[Round "3"]
[White "Kushko, Dmitriy"]
[Black "Richter, Paul"]
[Result "1-0"]
[WhiteElo "2426"]
[BlackElo "2171"]
[PlyCount "81"]
[EventDate "2023.09.26"]
[EventType "swiss (blitz)"]
[EventRounds "11"]
[EventCountry "USA"]
[SourceTitle "EXT 2024"]
[Source "ChessBase"]
[SourceDate "2023.10.10"]
[SourceVersion "1"]
[SourceVersionDate "2023.10.10"]
[SourceQuality "1"]

1. g3 Nf6 2. Bg2 g6 3. d4 Bg7 4. e4 d6 5. Nc3 0-0 6. Nf3 e5 7. 0-0 exd4 8. Nxd4 Re8 9. h3 Nbd7 10. Re1 a6 11. Bf4 Rb8 12. g4 Ne5 13. Bg3 h5 14. g5 Nfd7 15. f4 Nc6 16. Nb3 Nb6 17. Rb1 Nc4 18. Qd3 b5 19. a3 Bb7 20. Kh2 Ba8 21. h4 a5 22. Nd2 Nxd2 23. Qxd2 Nd4 24. Nd1 c5 25. Nf2 b4 26. axb4 axb4 27. c3 bxc3 28. bxc3 Nb5 29. Rbc1 Qc7 30. f5 Be5 31. Bxe5 dxe5 32. Qe3 c4 33. Ra1 Bc6 34. Re2 Rbd8 35. Rea2 Qd6 36. Ra6 Qd7 37. Bh3 Qc7 38. Qc5 Rd2 39. Kg3 Bb7 40. Qxb5 Red8 41. Ra7 1-0

[Event "Titled Tuesday intern op 26th Sep Early"]
[Site "Chess.com INT"]
[Date "2023.09.26"]
[Round "1"]
[White "Makhnev, Denis"]
[Black "Richter, Paul"]
[Result "1-0"]
[WhiteElo "2466"]
[BlackElo "2171"]
[PlyCount "31"]
[EventDate "2023.09.26"]
[EventType "swiss (blitz)"]
[EventRounds "11"]
[EventCountry "USA"]
[SourceTitle "EXT 2024"]
[Source "ChessBase"]
[SourceDate "2023.10.10"]
[SourceVersion "1"]
[SourceVersionDate "2023.10.10"]
[SourceQuality "1"]

1. f4 Nc6 2. Nf3 d5 3. g3 g6 4. Bg2 Bg7 5. 0-0 e5 6. fxe5 Nxe5 7. Nxe5 Bxe5 8. d4 Bg7 9. Nc3 Ne7 10. Bg5 Be6 11. e4 dxe4 12. d5 Bf5 13. g4 Bc8 14. Nxe4 h6 15. Bf6 0-0 16. Bxg7 1-0

[Event "Titled Tuesday intern op 19th Sep Late"]
[Site "Chess.com INT"]
[Date "2023.09.19"]
[Round "2"]
[White "Richter, Paul"]
[Black "Wieczorek, Oskar"]
[Result "0-1"]
[WhiteElo "2171"]
[BlackElo "2494"]
[PlyCount "78"]
[EventDate "2023.09.19"]
[EventType "swiss (blitz)"]
[EventRounds "11"]
[EventCountry "USA"]
[SourceTitle "EXT 2024"]
[Source "ChessBase"]
[SourceDate "2023.10.10"]
[SourceVersion "1"]
[SourceVersionDate "2023.10.10"]
[SourceQuality "1"]

1. e4 c5 2. Nf3 e6 3. d3 Nc6 4. Nbd2 d5 5. g3 Bd6 6. Bg2 Nge7 7. 0-0 0-0 8. Re1 Qc7 9. exd5 exd5 10. a4 Bg4 11. h3 Bh5 12. Nf1 Rfe8 13. g4 Bg6 14. Nh4 Nd4 15. c3 Ne6 16. Ne3 Nf4 17. Nxg6 hxg6 18. c4 d4 19. Nf1 Nxg2 20. Kxg2 Nc6 21. Bg5 Nb4 22. Qd2 f6 23. Bh4 Bf4 24. Rxe8+ Rxe8 25. Qd1 Qc6+ 26. Qf3 Nxd3 27. Qxc6 bxc6 28. b3 Re2 29. Kf3 Rb2 30. Rd1 Rxb3 31. Ke4 g5 32. Rxd3 Rxd3 33. Kxd3 gxh4 34. Ke4 g5 35. Kd3 Kf7 36. Ke4 Ke6 37. Kd3 f5 38. f3 fxg4 39. fxg4 Ke5 0-1

[Event "Titled Tuesday intern op 29th Aug Early"]
[Site "Chess.com INT"]
[Date "2023.08.29"]
[Round "1"]
[White "Richter, Paul"]
[Black "Dahlgren, James Allen"]
[Result "0-1"]
[WhiteElo "2171"]
[BlackElo "1770"]
[PlyCount "146"]
[EventDate "2023.08.29"]
[EventType "swiss (blitz)"]
[EventRounds "11"]
[EventCountry "USA"]
[SourceTitle "EXT 2024"]
[Source "ChessBase"]
[SourceDate "2023.10.10"]
[SourceVersion "1"]
[SourceVersionDate "2023.10.10"]
[SourceQuality "1"]

1. e4 c5 2. Nf3 e6 3. d3 d5 4. Nbd2 Nf6 5. g3 Be7 6. Bg2 0-0 7. 0-0 b5 8. e5 Nfd7 9. Re1 Nc6 10. Nf1 a5 11. h4 a4 12. a3 b4 13. Bf4 Ba6 14. N1h2 Qb6 15. axb4 Qxb4 16. Ra2 Rfb8 17. Ng5 c4 18. c3 Qb3 19. Rxa4 cxd3 20. Qxb3 Rxb3 21. Rea1 Ndb8 22. R1a2 Ra7 23. Ngf3 Rb6 24. Be3 Rab7 25. Bxb6 Rxb6 26. Nd2 Bc5 27. Nhf3 f6 28. exf6 gxf6 29. b4 Bd6 30. Rxa6 Nxa6 31. b5 Nab4 32. cxb4 Nxb4 33. Ra8+ Kf7 34. Nd4 Bc5 35. Ra7+ Kg6 36. N2b3 d2 37. Ra1 Bd6 38. Nxd2 Be5 39. N2f3 Nd3 40. Nxe5+ fxe5 41. Rd1 Nb2 42. Rb1 exd4 43. Rxb2 Kf6 44. f4 e5 45. Bxd5 d3 46. fxe5+ Kxe5 47. Bc6 Kd4 48. Kf2 Kc3 49. Ra2 Rb8 50. Ra3+ Kc2 51. Bf3 d2 52. Ra2+ Kc1 53. Ra1+ Kc2 54. Rd1 Rxb5 55. Ke3 Re5+ 56. Kf4 Re1 57. Rxd2+ Kxd2 58. g4 Rf1 59. Kg5 Rxf3 60. Kh6 Rh3 61. h5 Ke3 62. g5 Kf4 63. g6 hxg6 64. Kxg6 Ke5 65. h6 Ke6 66. Kg7 Rg3+ 67. Kf8 Rh3 68. Kg7 Ke7 69. h7 Rg3+ 70. Kh6 Rh3+ 71. Kg7 Rg3+ 72. Kh6 Kf7 73. h8Q Rh3+ 0-1

[Event "Titled Tuesday intern op 08th Aug Late"]
[Site "Chess.com INT"]
[Date "2023.08.08"]
[Round "1"]
[White "Richter, Paul"]
[Black "Garcia Molina, Jose"]
[Result "1-0"]
[WhiteElo "2171"]
[BlackElo "2257"]
[PlyCount "65"]
[EventDate "2023.08.08"]
[EventType "swiss (blitz)"]
[EventRounds "11"]
[EventCountry "USA"]
[SourceTitle "EXT 2024"]
[Source "ChessBase"]
[SourceDate "2023.10.10"]
[SourceVersion "1"]
[SourceVersionDate "2023.10.10"]
[SourceQuality "1"]

1. e4 g6 2. d4 Bg7 3. Nc3 c6 4. f4 d5 5. e5 Nh6 6. Be3 Nf5 7. Bf2 h5 8. Nf3 0-0 9. h3 Qb6 10. Na4 Qa5+ 11. c3 b5 12. Nc5 b4 13. cxb4 Qxb4+ 14. Qd2 Qb6 15. Bd3 Nh6 16. e6 f5 17. Ne5 Kh7 18. g4 Bxe5 19. fxe5 Na6 20. gxh5 gxh5 21. Rg1 Nxc5 22. dxc5 Qc7 23. Bd4 Bxe6 24. 0-0-0 Rg8 25. Qe2 Bf7 26. e6 Bg6 27. Be5 Qa5 28. Qe3 Qxa2 29. Qg5 Rae8 30. Bf4 Qa1+ 31. Bb1 Nf7 32. exf7 Bxf7 33. Qh6# 1-0

[Event "Titled Tuesday intern op 01st Aug Late"]
[Site "Chess.com INT"]
[Date "2023.08.01"]
[Round "1"]
[White "Richter, Paul"]
[Black "Ai, Evan Zihao"]
[Result "0-1"]
[WhiteElo "2171"]
[BlackElo "2199"]
[PlyCount "136"]
[EventDate "2023.08.01"]
[EventType "swiss (blitz)"]
[EventRounds "11"]
[EventCountry "USA"]
[SourceTitle "EXT 2024"]
[Source "ChessBase"]
[SourceDate "2023.10.10"]
[SourceVersion "1"]
[SourceVersionDate "2023.10.10"]
[SourceQuality "1"]

1. e4 e5 2. Nf3 Nc6 3. Bb5 a6 4. Ba4 Nf6 5. d3 Bc5 6. c3 d6 7. 0-0 0-0 8. Nbd2 b5 9. Bc2 Bb7 10. Re1 Re8 11. Nf1 Ne7 12. Ng3 Ng6 13. Nf5 d5 14. Qe2 Bc8 15. Ng3 Nf4 16. Qf1 dxe4 17. dxe4 Ng4 18. Nh1 Qf6 19. h3 Nh6 20. Be3 Nxh3+ 21. gxh3 Qxf3 22. Qg2 Qxg2+ 23. Kxg2 Bxe3 24. Rxe3 Bb7 25. Ng3 Rad8 26. Re2 f5 27. f3 f4 28. Nh1 Kf8 29. Nf2 Ke7 30. Bb3 c5 31. a3 c4 32. Bc2 Nf7 33. a4 Nd6 34. axb5 axb5 35. Ree1 Ra8 36. Kf1 h5 37. h4 g6 38. Ke2 Rxa1 39. Rxa1 Ra8 40. Rg1 Kf6 41. Kd2 Ra2 42. Kc1 Bc8 43. Rd1 Ke7 44. Rg1 Kf6 45. Rd1 Ra6 46. Rd5 Bb7 47. Rc5 Bc6 48. b3 Nb7 49. Rxc6+ Rxc6 50. bxc4 bxc4 51. Kd2 Nc5 52. Nh3 Rd6+ 53. Ke2 Nd3 54. Ng5 Nc1+ 55. Ke1 Nd3+ 56. Ke2 Nc5 57. Nh7+ Kg7 58. Ng5 Ne6 59. Nh3 Kf6 60. Ba4 Ra6 61. Bb5 Ra2+ 62. Kf1 Rc2 63. Bxc4 Rxc3 64. Be2 Nd4 65. Bd1 Nxf3 66. Bxf3 Rxf3+ 67. Kg2 Rg3+ 68. Kh2 Rg4 0-1

[Event "Titled Tuesday intern op 25th Jul Early"]
[Site "Chess.com INT"]
[Date "2023.07.25"]
[Round "3"]
[White "Richter, Paul"]
[Black "Gharibyan, Mamikon"]
[Result "1-0"]
[WhiteElo "2171"]
[BlackElo "2494"]
[PlyCount "71"]
[EventDate "2023.07.25"]
[EventType "swiss (blitz)"]
[EventRounds "11"]
[EventCountry "USA"]
[SourceTitle "EXT 2024"]
[Source "ChessBase"]
[SourceDate "2023.10.10"]
[SourceVersion "1"]
[SourceVersionDate "2023.10.10"]
[SourceQuality "1"]

1. e4 e5 2. Nf3 Nc6 3. Bb5 a6 4. Ba4 Nf6 5. d3 b5 6. Bb3 Bc5 7. 0-0 d6 8. c3 0-0 9. Nbd2 h6 10. Re1 Bb6 11. Nf1 Ne7 12. Ng3 Ng6 13. h3 Re8 14. a3 c6 15. d4 Qc7 16. dxe5 dxe5 17. Nf5 Bxf5 18. exf5 Nf4 19. Bxf4 exf4 20. Qc2 Rad8 21. Kf1 c5 22. c4 Rxe1+ 23. Rxe1 Ba5 24. Rd1 Re8 25. Rc1 Ne4 26. cxb5 axb5 27. Bd5 Nf6 28. Qxc5 Qd7 29. Ba2 Qd3+ 30. Kg1 Qe2 31. Qc2 Qe7 32. Qb3 Qa7 33. Qxb5 Bb6 34. Rc2 Ne4 35. Qxe8+ Kh7 36. Qxe4 1-0

[Event "Titled Tuesday intern op 18th Jul Late"]
[Site "Chess.com INT"]
[Date "2023.07.18"]
[Round "1"]
[White "Joubert, Dantelle"]
[Black "Richter, Paul"]
[Result "0-1"]
[WhiteElo "1566"]
[BlackElo "2171"]
[PlyCount "56"]
[EventDate "2023.07.18"]
[EventType "swiss (blitz)"]
[EventRounds "11"]
[EventCountry "USA"]
[SourceTitle "EXT 2024"]
[Source "ChessBase"]
[SourceDate "2023.10.10"]
[SourceVersion "1"]
[SourceVersionDate "2023.10.10"]
[SourceQuality "1"]

1. e4 c5 2. c3 g6 3. d4 cxd4 4. cxd4 d5 5. e5 Nc6 6. Bb5 Nh6 7. Nf3 Bg7 8. 0-0 0-0 9. Nc3 Bg4 10. Bxc6 bxc6 11. h3 Bxf3 12. Qxf3 Nf5 13. Be3 f6 14. exf6 Bxf6 15. Qd1 Rb8 16. Qd2 Qb6 17. b3 Bxd4 18. Na4 Bxe3 19. Nxb6 Bxd2 20. Nd7 Bb4 21. Nxf8 Rxf8 22. a3 Bd6 23. b4 a6 24. Rac1 Nd4 25. Rfe1 e5 26. f3 Kf7 27. Rc3 Ra8 28. Rb1 Ne2+ 0-1

[Event "Titled Tuesday intern op 18th Jul Late"]
[Site "Chess.com INT"]
[Date "2023.07.18"]
[Round "2"]
[White "Richter, Paul"]
[Black "Mikhailovsky, Vladimir"]
[Result "0-1"]
[WhiteElo "2171"]
[BlackElo "2215"]
[PlyCount "36"]
[EventDate "2023.07.18"]
[EventType "swiss (blitz)"]
[EventRounds "11"]
[EventCountry "USA"]
[SourceTitle "EXT 2024"]
[Source "ChessBase"]
[SourceDate "2023.10.10"]
[SourceVersion "1"]
[SourceVersionDate "2023.10.10"]
[SourceQuality "1"]

1. e4 e5 2. Nf3 d5 3. Nxe5 Bd6 4. d4 dxe4 5. Nc4 Nf6 6. Nc3 0-0 7. Bg5 Re8 8. Qd2 Nc6 9. 0-0-0 h6 10. Bh4 Bf5 11. h3 Bh7 12. Nxd6 cxd6 13. Nd5 e3 14. fxe3 g5 15. Nxf6+ Qxf6 16. Bg3 Rac8 17. c3 Nb4 18. b3 Rxc3+ 0-1

[Event "Titled Tuesday intern op 18th Jul Late"]
[Site "Chess.com INT"]
[Date "2023.07.18"]
[Round "5"]
[White "Richter, Paul"]
[Black "Morefield, Jason P"]
[Result "1/2-1/2"]
[WhiteElo "2171"]
[BlackElo "2226"]
[PlyCount "140"]
[EventDate "2023.07.18"]
[EventType "swiss (blitz)"]
[EventRounds "11"]
[EventCountry "USA"]
[SourceTitle "EXT 2024"]
[Source "ChessBase"]
[SourceDate "2023.10.10"]
[SourceVersion "1"]
[SourceVersionDate "2023.10.10"]
[SourceQuality "1"]

1. e4 d6 2. d4 Nf6 3. Nc3 g6 4. f4 Bg7 5. Nf3 c5 6. dxc5 Qa5 7. Bd3 Qxc5 8. Qe2 0-0 9. Be3 Qa5 10. 0-0 Bg4 11. h3 Bxf3 12. Qxf3 Nc6 13. a3 Rfc8 14. Kh1 Nd7 15. Bd2 Qd8 16. Rab1 e6 17. Qg3 a6 18. Bc4 Nd4 19. Ba2 Nxc2 20. f5 Nd4 21. fxe6 fxe6 22. Qxd6 Nc5 23. Qg3 Qd7 24. Be3 Kh8 25. Rbd1 Rd8 26. Qg5 Qc7 27. Qh4 a5 28. Bg5 Rf8 29. Rxf8+ Rxf8 30. Be3 Ncb3 31. Bxb3 Nxb3 32. Qg4 Qc6 33. h4 b5 34. h5 gxh5 35. Qxh5 b4 36. axb4 axb4 37. Ne2 Qxe4 38. Qh3 Bxb2 39. Rd7 Bg7 40. Nf4 e5 41. Nd5 Nd4 42. Ne7 Qb1+ 43. Kh2 Qe4 44. Nd5 Qf5 45. Qxf5 Nxf5 46. Bc5 Rc8 47. Bxb4 e4 48. Ne7 Nxe7 49. Rxe7 Rg8 50. Rxe4 Bf6 51. g3 Kg7 52. Bd2 Kf7 53. Bf4 Rd8 54. Kg2 Rd5 55. Kf3 h5 56. Ra4 Rd3+ 57. Ke4 Rb3 58. Ra7+ Kg6 59. Ra4 Rb5 60. Rc4 Rb7 61. Rc6 Re7+ 62. Kf3 Kf5 63. Rc5+ Be5 64. Ke3 Kf6 65. Bxe5+ Rxe5+ 66. Rxe5 Kxe5 67. Kf3 Kf5 68. Kf2 Kg4 69. Kg2 h4 70. gxh4 Kxh4 1/2-1/2

[Event "Titled Tuesday intern op 18th Jul Late"]
[Site "Chess.com INT"]
[Date "2023.07.18"]
[Round "4"]
[White "Richter, Paul"]
[Black "Omelja, Artem"]
[Result "1-0"]
[WhiteElo "2171"]
[BlackElo "2457"]
[PlyCount "111"]
[EventDate "2023.07.18"]
[EventType "swiss (blitz)"]
[EventRounds "11"]
[EventCountry "USA"]
[SourceTitle "EXT 2024"]
[Source "ChessBase"]
[SourceDate "2023.10.10"]
[SourceVersion "1"]
[SourceVersionDate "2023.10.10"]
[SourceQuality "1"]

1. e4 e5 2. Nf3 Nc6 3. Bb5 a6 4. Ba4 Nf6 5. d3 b5 6. Bb3 Be7 7. 0-0 0-0 8. Re1 d6 9. c3 Na5 10. Bc2 c5 11. Nbd2 Qc7 12. Nf1 h6 13. Ng3 Be6 14. Nh4 Nxe4 15. Rxe4 f5 16. Ngxf5 Bxf5 17. Nxf5 Rxf5 18. d4 cxd4 19. cxd4 Rc8 20. Re2 Rff8 21. Qd3 Bf6 22. Qh7+ Kf7 23. Bxh6 Rg8 24. Qg6+ Ke7 25. dxe5 dxe5 26. Bd2 Nc6 27. Bb3 Rgf8 28. Rc1 Qd6 29. Be3 Nd4 30. Ree1 Rxc1 31. Bxc1 Nxb3 32. axb3 Rc8 33. Be3 Qe6 34. h3 Qxb3 35. Ra1 Rc6 36. Qe4 Qc4 37. Qf5 Qe6 38. Qe4 Qc4 39. Qf5 Qc2 40. Qf3 e4 41. Qg3 Qc4 42. Qb8 Qe6 43. Qb7+ Qd7 44. Qa8 Qe6 45. Rd1 Kf7 46. b4 Kg6 47. Bc5 Be5 48. Qh8 Qf6 49. Qe8+ Qf7 50. Qxc6+ Bf6 51. Qxe4+ Kh6 52. Qf3 g5 53. Be3 Kg6 54. Rd6 Qc4 55. Qxf6+ Kh5 56. Qh6# 1-0

[Event "Titled Tuesday intern op 18th Jul Late"]
[Site "Chess.com INT"]
[Date "2023.07.18"]
[Round "3"]
[White "Vila Dupla, Aurelio"]
[Black "Richter, Paul"]
[Result "0-1"]
[WhiteElo "2030"]
[BlackElo "2171"]
[PlyCount "106"]
[EventDate "2023.07.18"]
[EventType "swiss (blitz)"]
[EventRounds "11"]
[EventCountry "USA"]
[SourceTitle "EXT 2024"]
[Source "ChessBase"]
[SourceDate "2023.10.10"]
[SourceVersion "1"]
[SourceVersionDate "2023.10.10"]
[SourceQuality "1"]

1. Nf3 Nf6 2. d4 g6 3. g3 Bg7 4. Bg2 0-0 5. 0-0 d6 6. c4 Nbd7 7. Nc3 e5 8. h3 exd4 9. Nxd4 Re8 10. e4 a6 11. Be3 Rb8 12. Re1 Ne5 13. b3 c5 14. Nc2 b5 15. cxb5 axb5 16. Rc1 b4 17. Nd5 Nxd5 18. exd5 Ra8 19. Ra1 Ba6 20. Qd2 Bb5 21. Bh6 Bxh6 22. Qxh6 Qf6 23. Qf4 Qxf4 24. gxf4 Nd7 25. Rxe8+ Rxe8 26. Ne3 Ra8 27. Bf1 Bxf1 28. Kxf1 Nb6 29. f5 g5 30. Ke2 Kg7 31. Kd3 h5 32. Rg1 Kf6 33. Ra1 Ke5 34. Nc4+ Nxc4 35. Kxc4 Kxf5 36. Kb5 Ke5 37. Kc6 Rc8+ 38. Kd7 Ra8 39. Kc6 Rc8+ 40. Kd7 Rg8 41. a4 bxa3 42. Rxa3 Kxd5 43. Ra6 Rg6 44. Ke7 Ke5 45. Kxf7 Rf6+ 46. Kg7 Rxf2 47. Kg6 g4 48. hxg4 hxg4 49. Ra4 g3 50. Rg4 g2 51. Kh5 d5 52. Kg5 d4 53. Kg6 d3 0-1

[Event "Titled Tuesday intern op 11th Jul Late"]
[Site "Chess.com INT"]
[Date "2023.07.11"]
[Round "4"]
[White "Richter, Paul"]
[Black "Ter Sahakyan, Samvel"]
[Result "0-1"]
[WhiteElo "2171"]
[BlackElo "2604"]
[PlyCount "86"]
[EventDate "2023.07.11"]
[EventType "swiss (blitz)"]
[EventRounds "11"]
[EventCountry "USA"]
[SourceTitle "EXT 2024"]
[Source "ChessBase"]
[SourceDate "2023.10.10"]
[SourceVersion "1"]
[SourceVersionDate "2023.10.10"]
[SourceQuality "1"]

1. e4 c5 2. Nf3 e6 3. d3 d5 4. Nbd2 Nc6 5. g3 Bd6 6. Bg2 Nge7 7. 0-0 0-0 8. Re1 f6 9. a4 b6 10. exd5 exd5 11. c3 Qc7 12. Nf1 Bd7 13. d4 Rad8 14. Ne3 Be6 15. Nc4 dxc4 16. Rxe6 cxd4 17. Nxd4 Nxd4 18. cxd4 Kh8 19. Bd2 a6 20. Qh5 Ng6 21. Be4 Qf7 22. d5 Bc5 23. Bc3 f5 24. Bf3 Rd6 25. Rae1 Rfd8 26. Qg5 R6d7 27. h4 Be7 28. Qe3 Bc5 29. Qg5 Be7 30. Qe3 Bc5 31. Qc1 Nf8 32. Qg5 b5 33. axb5 axb5 34. b4 cxb3 35. h5 b4 36. Bb2 Nxe6 37. dxe6 Qe7 38. exd7 Qxe1+ 39. Kh2 Qxf2+ 40. Bg2 Qg1+ 41. Kh3 Rxd7 42. h6 Bd4 43. hxg7+ Kg8 0-1

[Event "Titled Tuesday intern op 04th Jul Early"]
[Site "Chess.com INT"]
[Date "2023.07.04"]
[Round "1"]
[White "Ho, In Hei Henry"]
[Black "Richter, Paul"]
[Result "0-1"]
[WhiteElo "1707"]
[BlackElo "2171"]
[PlyCount "88"]
[EventDate "2023.07.04"]
[EventType "swiss (blitz)"]
[EventRounds "11"]
[EventCountry "USA"]
[SourceTitle "EXT 2024"]
[Source "ChessBase"]
[SourceDate "2023.10.10"]
[SourceVersion "1"]
[SourceVersionDate "2023.10.10"]
[SourceQuality "1"]

1. d4 Nf6 2. Nf3 g6 3. c4 Bg7 4. Nc3 0-0 5. e3 d6 6. Bd3 Nbd7 7. 0-0 e5 8. Re1 Re8 9. dxe5 dxe5 10. e4 c6 11. h3 Nh5 12. Bf1 Qc7 13. Qc2 Nc5 14. Be3 Ne6 15. Rad1 b6 16. b3 Bb7 17. Ne2 Rad8 18. Ng5 Nd4 19. Qb2 h6 20. Bxd4 exd4 21. Nf3 c5 22. Nd2 Bxe4 23. Nxe4 Rxe4 24. Nc1 Rxe1 25. Rxe1 Qd7 26. Nd3 Re8 27. Qd2 Nf6 28. f3 h5 29. Kf2 Kh7 30. Ne5 Qc7 31. Nd3 Bh6 32. Qd1 Be3+ 33. Rxe3 Rxe3 34. Kg1 Qg3 35. Nf2 Kg7 36. Bd3 Qe5 37. Be4 Nxe4 38. Nxe4 Rxe4 39. fxe4 Qxe4 40. Kf2 Qe3+ 41. Kf1 d3 42. Qe1 Qf4+ 43. Qf2 Qc1+ 44. Qe1 d2 0-1

[Event "Titled Tuesday intern op 04th Jul Late"]
[Site "Chess.com INT"]
[Date "2023.07.04"]
[Round "1"]
[White "Lenoir Ibacache, Gabriel Alberto"]
[Black "Richter, Paul"]
[Result "1-0"]
[WhiteElo "2225"]
[BlackElo "2171"]
[PlyCount "137"]
[EventDate "2023.07.04"]
[EventType "swiss (blitz)"]
[EventRounds "11"]
[EventCountry "USA"]
[SourceTitle "EXT 2024"]
[Source "ChessBase"]
[SourceDate "2023.10.10"]
[SourceVersion "1"]
[SourceVersionDate "2023.10.10"]
[SourceQuality "1"]

1. e4 c5 2. g3 Nc6 3. Bg2 g6 4. Ne2 Bg7 5. c3 e6 6. d4 cxd4 7. cxd4 Nge7 8. Nbc3 d6 9. 0-0 0-0 10. h3 a6 11. Be3 b5 12. Qd2 Re8 13. Rac1 Bb7 14. f4 d5 15. e5 Rc8 16. g4 Qa5 17. b3 Na7 18. Nxd5 Qxd2 19. Nxe7+ Rxe7 20. Rxc8+ Nxc8 21. Bxd2 Bxg2 22. Kxg2 Rc7 23. Rc1 Rxc1 24. Bxc1 Bf8 25. Nc3 Nb6 26. Kf3 Be7 27. Ke4 Bb4 28. Ne2 Kf8 29. Kd3 Ke8 30. Bd2 Be7 31. Ba5 Nd5 32. Ke4 Kd7 33. Nc3 Nxc3+ 34. Bxc3 Kc6 35. f5 Bg5 36. Bb4 Bc1 37. Bc3 Bg5 38. Be1 Be7 39. h4 Bf8 40. h5 gxh5 41. gxh5 Bh6 42. Bf2 Bg5 43. Be3 Bh4 44. f6 Be1 45. Kf4 Kd5 46. Kg5 Ke4 47. Bg1 Bd2+ 48. Kg4 a5 49. Bf2 a4 50. bxa4 bxa4 51. Bg1 a3 52. Bf2 Bc3 53. Kg5 Bd2+ 54. Kg4 Kd3 55. Kf3 Kc2 56. Ke4 Kb2 57. d5 exd5+ 58. Kxd5 Kxa2 59. e6 fxe6+ 60. Kxe6 Kb3 61. f7 Bb4 62. Bd4 Bf8 63. Kd7 Kc4 64. Bf6 Kd5 65. Ke8 Bc5 66. f8Q Bxf8 67. Kxf8 Ke6 68. Kg7 a2 69. Ba1 1-0